| 000 | 01169nam a2200229Ia 4500 | ||
|---|---|---|---|
| 999 |
_c38751 _d38751 |
||
| 001 | 5080 | ||
| 003 | GE_BSU | ||
| 005 | 20190428222842.0 | ||
| 008 | 181216s1961||||ge |||||||||||||| ||geo|| | ||
| 040 | _cGE_BSU | ||
| 041 | _ageo | ||
| 080 | _a624.13:55+624.131(076.5) ტ-65 | ||
| 100 |
_aტოგონიძე, ბ. _9515 |
||
| 245 |
_aყამირმცოდნეობა და ყამირების მექანიკა : _bლაბორატორიულ სამუშაოთა პრაქტიკული სახელმძღვანელო. / _c ბ. ტოგონიძე, დ. კვაჭაძე ; რედ.დ.მშვენიერაძე. |
||
| 264 |
_aთბილისი : _bსპი ; _c1961. |
||
| 300 |
_a244გვ. : _bილ. ; _c22 სმ. |
||
| 653 | _aყამირმცოდნეობა და ყამირების მექანიკა | ||
| 653 | _aყამირმცოდნეობა | ||
| 700 |
_a კვაჭაძე, დ. _eავტორი _9516 |
||
| 700 |
_aმშვენიერიძე, დ. _eრედაქტორი _9517 |
||
| 942 |
_cBK _2udc |
||